000 02204nam0a2200397 4500
001 RU\NLR\BIBL_A\022695599
005 20260420061930.0
010 _a978-5-4491-2820-1
_9100
021 _aRU
_bКН-П-25-069881
_9КН-П-25-6764
035 _a(NLR Aleph) 022695599
090 _a13687498
_c13687498
100 _a20251225d2025 u y0rusy50 ca
101 0 _arus
102 _aRU
105 _aa j 000yy
181 0 _ai3
_baxxe
182 0 _an
200 1 _aБиология и экология
_eцифровая лаборатория
_eметодическое пособие
_fИ. А. Смирнов, А. В. Цветков, А. В. Иванов
203 _aТекст
_bвизуальный
_cнепосредственный
210 _aМосква
_cДéЛибри
_cНаучные развлечения
_d2025
215 _a167 с.
_cил., цв. ил.
_d29
225 1 _aНаучные развлечения
606 1 _aЭкология
_jМетодические пособия
_xПрактические занятия
_xСредняя школа
_92265049
_3RU\NLR\AUTH\661357867
606 1 _aБиология
_jМетодические пособия
_xПрактические занятия
_xСредняя школа
_91140631
_3RU\NLR\AUTH\66135497
606 1 _aБиология
_jМетодические пособия
_xЦифровые технологии
_92704204
_3RU\NLR\AUTH\6601768765
606 1 _aЭкология
_jМетодические пособия
_xЦифровые технологии
_92704226
_3RU\NLR\AUTH\6601768787
686 1 _aЕ.с51я7
686 1 _aЕ081с51я7
686 1 _aЧ426.45-254я8
700 1 _7ca
_8rus
_aСмирнов
_bИ. А.
_cканд. биол. наук, педагог
_f1984-
_gИван Алексеевич
_986624
_3RU\NLR\AUTH\77103699
701 1 _7ca
_8rus
_aЦветков
_bА.В.
_cканд. биол. наук
_gАлександр Владимирович
_915656
_3RU\NLR\AUTH\7732648
701 1 _7ca
_8rus
_aИванов
_bА. В.
_cд-р хим. наук
_f1968-
_gАлександр Вадимович
_946141
_3RU\NLR\AUTH\7763211
942 _cBOOK
980 _aNB